00305nam a2200109Ia 4500008004100000041000800041100001700049245006800066260003400134365000800168999001900176231011s9999 xx 000 0 und d aeng aDavid -Doyle aThe Art & Science Of Financial Management (Cost Control) Vol -5 bCreast Pubs House ,NewDelhi - b929 c887407d887407